Roman Emperor to Century Click Quiz - Statistics

General Stats
  • This quiz has been taken 43 times
  • The average score is 11 of 20
Answer Stats
Hint Answer % Correct
Augustus 1st century BC
77%
Commodus 2nd century AD
73%
Constantine the Great 4th century AD
73%
Marcus Aurelius 2nd century AD
64%
Hadrian 2nd century AD
64%
Romulus Augustulus 5th century AD
64%
Caligula 1st century AD
59%
Nero 1st century AD
59%
Otho 1st century AD
55%
Vespasian 1st century AD
55%
Domitian 1st century AD
55%
Septimius Severus 2nd century AD
55%
Tacitus 3rd century AD
50%
Diocletian 3rd century AD
41%
Valentinian I 4th century AD
41%
Majorian 5th century AD
41%
Elagabalus 3rd century AD
36%
Valerian 3rd century AD
36%
Galerius 4th century AD
36%
Trajan 1st century AD
23%
No matching quizzes found
Score Distribution
Percent of People with Each Score
Percentile by Number Answered
Your Score History
You have not taken this quiz